[Event "Saint Louis Spring-A"]
[Site "Saint Louis"]
[Date "2024.04.12"]
[Round "2"]
[White "Mendonca, Leon Luke"]
[Black "Theodorou, Nikolas"]
[Result "1/2-1/2"]
[WhiteElo "2626"]
[BlackElo "2622"]
[PlyCount "108"]
[EventDate "2024.04.11"]
[EventType "tourn"]
[EventRounds "9"]
[EventCountry "USA"]
[EventCategory "15"]
[SourceTitle "CB17_2024"]
[SourceDate "2024.04.24"]
[SourceVersion "1"]
[SourceVersionDate "2024.04.24"]
[SourceQuality "1"]

1. d4 Nf6 2. c4 e6 3. Nc3 Bb4 4. e3 0-0 5. Bd3 d5 6. cxd5 exd5 7. Nge2 Re8 8. Bd2 Bd6 9. Rc1 a6 10. 0-0 b6 11. Nf4 Bb7 12. Qf3 g6 13. Rfd1 Ra7 14. Bb1 Ba8 15. a4 c5 16. a5 bxa5 17. dxc5 Bxc5 18. Ba2 Rd7 19. Be1 Bb4 20. h3 Bb7 21. Qg3 Kg7 22. Nce2 Bxe1 23. Rxe1 Nc6 24. Nd3 Ne4 25. Qf4 Qb6 26. Red1 Nb4 27. Nxb4 axb4 28. Rd4 a5 29. Rcd1 Rd6 30. f3 Rf6 31. Qg4 h5 32. Qh4 Nd6 33. Ng3 Nf5 34. Nxf5+ Rxf5 35. Bxd5 Bxd5 36. Rxd5 Qxe3+ 37. Kh2 Rxd5 38. Rxd5 Re5 39. Rd6 Rf5 40. Qd4+ Qxd4 41. Rxd4 Rc5 42. Kg3 Rc2 43. b3 h4+ 44. Kxh4 Rxg2 45. Rd5 Kh6 46. f4 a4 47. bxa4 b3 48. Rd8 b2 49. Rh8+ Kg7 50. Rb8 f6 51. a5 Kh6 52. Rh8+ Kg7 53. Rb8 Kh6 54. Rh8+ Kg7 1/2-1/2

[Event "American Cup Blitz"]
[Site "Saint Louis"]
[Date "2024.03.21"]
[Round "5"]
[White "Aronian, Levon"]
[Black "Theodorou, Nikolas"]
[Result "1-0"]
[WhiteElo "2722"]
[BlackElo "2622"]
[PlyCount "69"]
[EventDate "2024.03.21"]
[EventType "swiss (blitz)"]
[EventRounds "7"]
[EventCountry "USA"]
[SourceTitle "CB13_2024"]
[SourceDate "2024.03.27"]
[SourceVersion "1"]
[SourceVersionDate "2024.03.27"]
[SourceQuality "1"]

1. e4 e6 2. d4 d5 3. Nc3 Bb4 4. e5 c5 5. a3 Bxc3+ 6. bxc3 Nc6 7. a4 Qa5 8. Bd2 c4 9. h4 f6 10. Nf3 Bd7 11. h5 0-0-0 12. g3 Rf8 13. Bg2 fxe5 14. Nxe5 Nxe5 15. dxe5 Ne7 16. h6 g6 17. 0-0 Rf7 18. Qe2 Rhf8 19. Bh3 Nf5 20. Kh2 Bc6 21. g4 Nh4 22. f4 g5 23. f5 d4 24. cxd4 Qd5 25. Bxg5 Nf3+ 26. Rxf3 Qxf3 27. Qxf3 Bxf3 28. fxe6 Rc7 29. Bf6 Be4 30. g5 Kb8 31. Re1 Bd5 32. e7 Re8 33. g6 Rcxe7 34. Bxe7 Rxe7 35. g7 1-0

[Event "American Cup Blitz"]
[Site "Saint Louis"]
[Date "2024.03.21"]
[Round "6"]
[White "Theodorou, Nikolas"]
[Black "Boros, Denes"]
[Result "1/2-1/2"]
[WhiteElo "2622"]
[BlackElo "2402"]
[PlyCount "149"]
[EventDate "2024.03.21"]
[EventType "swiss (blitz)"]
[EventRounds "7"]
[EventCountry "USA"]
[SourceTitle "CB13_2024"]
[SourceDate "2024.03.27"]
[SourceVersion "1"]
[SourceVersionDate "2024.03.27"]
[SourceQuality "1"]

1. Nf3 Nf6 2. b3 d6 3. d4 Bg4 4. Nbd2 c6 5. Bb2 Nbd7 6. h3 Bh5 7. e4 Qa5 8. Bd3 e6 9. g4 Bg6 10. Qe2 Be7 11. a3 h6 12. Rg1 c5 13. Kf1 cxd4 14. Nxd4 d5 15. b4 Qb6 16. Re1 dxe4 17. Nxe4 Bxe4 18. Bxe4 Nxe4 19. Qxe4 Nf6 20. Qf3 Rd8 21. c3 Qc7 22. Kg2 Nd5 23. Kh1 0-0 24. Rd1 a6 25. Rge1 Bf6 26. Nb3 Rc8 27. Rc1 Rfd8 28. Nc5 b6 29. Ne4 Qc4 30. Qe2 Qxe2 31. Rxe2 Nf4 32. Nxf6+ gxf6 33. Rec2 Nxh3 34. c4 e5 35. Kh2 Nf4 36. c5 bxc5 37. Rxc5 Rxc5 38. bxc5 Rc8 39. c6 Nd5 40. Kg3 Ne7 41. c7 Nd5 42. Rc6 Rxc7 43. Rxa6 Kg7 44. Rd6 Rc5 45. a4 Ra5 46. f3 Nf4 47. Rd2 Rxa4 48. Kf2 Rb4 49. Kg3 Rb5 50. Ba3 Rb1 51. Kf2 Rh1 52. Ke3 Rb1 53. Be7 Kg6 54. Rd6 Rb3+ 55. Kf2 Rb2+ 56. Kf1 Ne6 57. Ra6 f5 58. Ra8 fxg4 59. fxg4 Rb7 60. Bd6 f6 61. Ra6 Kg5 62. Bxe5 fxe5 63. Rxe6 Rb5 64. Kf2 Kf4 65. Rf6+ Kxg4 66. Rxh6 Kf4 67. Rh4+ Kf5 68. Ra4 Rb2+ 69. Ke1 e4 70. Ra3 Kf4 71. Rc3 Rg2 72. Ra3 Rg3 73. Rxg3 Kxg3 74. Ke2 e3 75. Kxe3 1/2-1/2

[Event "Chessable Masters Play In"]
[Site "Chess.com INT"]
[Date "2024.01.31"]
[Round "2"]
[White "Theodorou, Nikolas"]
[Black "Kantor, Gergely"]
[Result "0-1"]
[WhiteElo "2627"]
[BlackElo "2531"]
[PlyCount "90"]
[EventDate "2024.01.31"]
[EventType "swiss (rapid)"]
[EventRounds "9"]
[EventCountry "USA"]
[SourceTitle "CB06_2024"]
[SourceDate "2024.02.07"]
[SourceVersion "1"]
[SourceVersionDate "2024.02.07"]
[SourceQuality "1"]

1. Nf3 d5 2. b3 c5 3. Bb2 f6 4. e4 d4 5. c3 Nc6 6. Bc4 e5 7. 0-0 Nh6 8. Na3 Be7 9. Bd5 Nf7 10. Nc4 0-0 11. Rc1 Kh8 12. Ba3 Bd7 13. b4 cxb4 14. cxb4 a6 15. Qb3 Nd6 16. Nxd6 Bxd6 17. Nh4 g6 18. Qg3 Qe7 19. Rc4 Be6 20. Qxg6 Bxd5 21. Qh6 Bxc4 22. Ng6+ Kg8 23. Nxe7+ Nxe7 24. Rc1 Bxa2 25. f4 exf4 26. Bb2 Be5 27. Rc5 Rac8 28. Rxe5 fxe5 29. Qg5+ Ng6 30. h4 f3 31. gxf3 Rxf3 32. h5 Rcf8 33. Qh6 Rh3 34. b5 Bc4 35. Qg5 Rhf3 36. Qh6 Rf1+ 37. Kh2 R8f2+ 38. Kg3 Rf3+ 39. Kh2 R1f2+ 40. Kg1 Rf1+ 41. Kh2 Ne7 42. Qg5+ Kf7 43. Qxe5 R1f2+ 44. Kg1 Rxd2 45. Bxd4 Rf1# 0-1

[Event "Pan American Intercollegiate-chT"]
[Site "McAllen"]
[Date "2024.01.05"]
[Round "2.6"]
[White "Yu, Jennifer R"]
[Black "Theodorou, Nikolas"]
[Result "0-1"]
[WhiteElo "2283"]
[BlackElo "2627"]
[PlyCount "72"]
[EventDate "2024.01.04"]
[EventType "team-swiss"]
[EventRounds "6"]
[EventCountry "USA"]
[SourceTitle "CB02_2024"]
[SourceDate "2024.01.10"]
[SourceVersion "1"]
[SourceVersionDate "2024.01.10"]
[SourceQuality "1"]
[WhiteTeam "Harvard"]
[BlackTeam "Saint Louis Univ"]
[WhiteTeamCountry "USA"]
[BlackTeamCountry "USA"]

1. d4 Nf6 2. c4 g6 3. Nc3 Bg7 4. e4 d6 5. h3 0-0 6. Be3 Nc6 7. Nf3 e5 8. d5 Nd4 9. Nxd4 exd4 10. Qxd4 Ng4 11. Qd2 Nxe3 12. Qxe3 f5 13. Bd3 f4 14. Qf3 Qh4 15. Bc2 Be5 16. 0-0-0 a6 17. Kb1 Bd7 18. Rd2 Qf6 19. Bb3 Kh8 20. Ne2 a5 21. Bd1 a4 22. a3 b5 23. cxb5 Bxb5 24. Nc1 Rfb8 25. Be2 Bxb2 26. Rxb2 Qxb2+ 27. Kxb2 Bxe2+ 28. Kc2 Bxf3 29. gxf3 c6 30. Rd1 Ra5 31. Nd3 cxd5 32. Nxf4 Rc5+ 33. Kd2 Rb2+ 34. Ke1 dxe4 35. fxe4 Rc4 36. f3 Rh2 0-1

[Event "Saint Louis Winter Blitz"]
[Site "Saint Louis"]
[Date "2023.12.20"]
[Round "11.2"]
[White "Gledura, Benjamin"]
[Black "Theodorou, Nikolas"]
[Result "0-1"]
[WhiteElo "2633"]
[BlackElo "2626"]
[PlyCount "98"]
[EventDate "2023.12.20"]
[EventType "schev (blitz)"]
[EventRounds "12"]
[EventCountry "USA"]
[SourceTitle "CB52_2023"]
[SourceDate "2023.12.27"]
[SourceVersion "1"]
[SourceVersionDate "2023.12.27"]
[SourceQuality "1"]
[WhiteTeam "Team A"]
[BlackTeam "Team B"]
[WhiteTeamCountry "USA"]
[BlackTeamCountry "USA"]

1. d4 Nf6 2. Nf3 g6 3. Nbd2 Bg7 4. e4 d6 5. Bb5+ c6 6. Bd3 0-0 7. 0-0 c5 8. c3 cxd4 9. cxd4 e5 10. d5 Nbd7 11. a4 Nc5 12. Bc2 a5 13. Re1 b6 14. Nb3 Nxb3 15. Bxb3 Nd7 16. Be3 Nc5 17. Bxc5 bxc5 18. Bc4 f5 19. Nd2 Ra7 20. Ra3 Raf7 21. Bf1 Bh6 22. exf5 gxf5 23. Nc4 e4 24. Qh5 Bg7 25. Kh1 Bd4 26. f3 Kh8 27. Rb3 Ba6 28. Ne3 Bxf1 29. Rxf1 f4 30. Nc4 e3 31. Re1 Rf5 32. Qg4 Rxd5 33. Rb7 Rg5 34. Qe6 Qf6 35. Qxd6 Qf5 36. Qd7 Qc2 37. Rg1 e2 38. Qe7 Rfg8 39. Nd6 R5g7 40. Nf7+ Rxf7 41. Qxf7 Qg6 42. Qxg6 hxg6 43. Re1 Re8 44. g3 Bf2 45. Rxe2 Rxe2 46. gxf4 Bd4 47. b3 Rb2 48. Rb5 Kg7 49. h4 Kh6 0-1

[Event "Saint Louis Winter Blitz"]
[Site "Saint Louis"]
[Date "2023.12.20"]
[Round "1.1"]
[White "Oparin, Grigoriy"]
[Black "Theodorou, Nikolas"]
[Result "0-1"]
[WhiteElo "2667"]
[BlackElo "2626"]
[PlyCount "140"]
[EventDate "2023.12.20"]
[EventType "schev (blitz)"]
[EventRounds "12"]
[EventCountry "USA"]
[SourceTitle "CB52_2023"]
[SourceDate "2023.12.27"]
[SourceVersion "1"]
[SourceVersionDate "2023.12.27"]
[SourceQuality "1"]
[WhiteTeam "Team A"]
[BlackTeam "Team B"]
[WhiteTeamCountry "USA"]
[BlackTeamCountry "USA"]

1. d4 Nf6 2. c4 e6 3. Nc3 Bb4 4. e3 0-0 5. Bd3 Re8 6. Nge2 d5 7. 0-0 Nbd7 8. a3 Bf8 9. Ng3 dxc4 10. Bxc4 c5 11. dxc5 Nxc5 12. b4 Ncd7 13. Bb2 a6 14. Nce4 b5 15. Bd3 Bb7 16. Qe2 Nxe4 17. Nxe4 Qh4 18. f4 h6 19. Rac1 Rac8 20. Rfd1 Rxc1 21. Rxc1 e5 22. g3 Qd8 23. f5 Qb6 24. h3 Nf6 25. Nxf6+ Qxf6 26. e4 Rd8 27. Rd1 Bd6 28. Kh2 Bc7 29. Bc2 Rxd1 30. Qxd1 Qb6 31. Qd2 Bb8 32. h4 Ba7 33. Qe1 Qd6 34. Qe2 Bd4 35. Bc1 Qc7 36. Qd3 Qc6 37. Bd2 h5 38. Kh3 Qc8 39. Kh2 Qc7 40. Kh3 Qc6 41. Kh2 Bc8 42. Bd1 Bb7 43. Bf3 Qc4 44. Qxc4 bxc4 45. Bc1 Bc6 46. Kg2 Kf8 47. Kf1 Ke7 48. Ke2 g6 49. fxg6 fxg6 50. Kd2 Ba4 51. Be2 Bb3 52. g4 Bf2 53. gxh5 Bxh4 54. Kc3 Be1+ 55. Bd2 Bf2 56. Bg5+ Kf7 57. h6 Bd4+ 58. Kd2 Kg8 59. Bd1 c3+ 60. Kc1 Bc4 61. Bg4 Kh7 62. a4 Bd3 63. Bd1 Bxe4 64. Be2 Bb7 65. b5 axb5 66. Bxb5 e4 67. a5 e3 68. Be2 Be4 69. a6 Bc5 70. Kd1 c2+ 0-1

[Event "Saint Louis Winter Blitz"]
[Site "Saint Louis"]
[Date "2023.12.20"]
[Round "5.3"]
[White "Theodorou, Nikolas"]
[Black "Antipov, Mikhail Al"]
[Result "1/2-1/2"]
[WhiteElo "2626"]
[BlackElo "2607"]
[PlyCount "88"]
[EventDate "2023.12.20"]
[EventType "schev (blitz)"]
[EventRounds "12"]
[EventCountry "USA"]
[SourceTitle "CB52_2023"]
[SourceDate "2023.12.27"]
[SourceVersion "1"]
[SourceVersionDate "2023.12.27"]
[SourceQuality "1"]
[WhiteTeam "Team B"]
[BlackTeam "Team A"]
[WhiteTeamCountry "USA"]
[BlackTeamCountry "USA"]

1. Nf3 c5 2. e4 Nc6 3. c3 Nf6 4. e5 Nd5 5. d4 cxd4 6. Bc4 e6 7. cxd4 d6 8. 0-0 Be7 9. Qe2 0-0 10. Rd1 b6 11. Bxd5 exd5 12. Nc3 Be6 13. Bf4 dxe5 14. Nxe5 Nxe5 15. Bxe5 Qd7 16. Rd3 Rfe8 17. Re1 Bf8 18. Re3 Bg4 19. Qb5 Rad8 20. h3 Bh5 21. Bg3 Rxe3 22. Rxe3 f6 23. Qxd7 Rxd7 24. Re6 Bb4 25. Rc6 Bxc3 26. Rxc3 Kf7 27. f3 Bg6 28. Kf2 h5 29. a4 Bf5 30. h4 Rb7 31. b4 a6 32. b5 axb5 33. axb5 Bd7 34. Rc7 Rxc7 35. Bxc7 Bxb5 36. Bxb6 Ke6 37. Bc5 Kf7 38. Bb4 Ke6 39. Be1 Kf7 40. Ba5 Ke6 41. Bb6 Kf7 42. Bc5 Ke6 43. Bb6 Kf7 44. Bc5 Ke6 1/2-1/2

[Event "Saint Louis Winter Blitz"]
[Site "Saint Louis"]
[Date "2023.12.20"]
[Round "12.2"]
[White "Theodorou, Nikolas"]
[Black "Gledura, Benjamin"]
[Result "0-1"]
[WhiteElo "2626"]
[BlackElo "2633"]
[PlyCount "32"]
[EventDate "2023.12.20"]
[EventType "schev (blitz)"]
[EventRounds "12"]
[EventCountry "USA"]
[SourceTitle "CB52_2023"]
[SourceDate "2023.12.27"]
[SourceVersion "1"]
[SourceVersionDate "2023.12.27"]
[SourceQuality "1"]
[WhiteTeam "Team B"]
[BlackTeam "Team A"]
[WhiteTeamCountry "USA"]
[BlackTeamCountry "USA"]

1. Nf3 c5 2. g3 Nc6 3. Bg2 g6 4. c4 Bg7 5. Nc3 d6 6. 0-0 Bf5 7. h3 Qd7 8. Kh2 h5 9. d3 Nf6 10. Bg5 Nd4 11. Nxd4 cxd4 12. Nd5 Nxd5 13. cxd5 Be5 14. h4 f6 15. Bd2 g5 16. f4 gxh4 0-1

[Event "Saint Louis Winter Rapid"]
[Site "Saint Louis"]
[Date "2023.12.19"]
[Round "5.5"]
[White "Raja, Harshit"]
[Black "Theodorou, Nikolas"]
[Result "1-0"]
[WhiteElo "2509"]
[BlackElo "2626"]
[PlyCount "38"]
[EventDate "2023.12.19"]
[EventType "schev (rapid)"]
[EventRounds "6"]
[EventCountry "USA"]
[SourceTitle "CB52_2023"]
[SourceDate "2023.12.27"]
[SourceVersion "1"]
[SourceVersionDate "2023.12.27"]
[SourceQuality "1"]
[WhiteTeam "Team A"]
[BlackTeam "Team B"]
[WhiteTeamCountry "USA"]
[BlackTeamCountry "USA"]

1. e4 a6 2. d4 e6 3. Nf3 d5 4. Nbd2 c5 5. exd5 exd5 6. Be2 Nc6 7. 0-0 c4 8. b3 b5 9. a4 c3 10. axb5 cxd2 11. Bxd2 Nb8 12. c4 Bb7 13. c5 axb5 14. Bxb5+ Nc6 15. Ne5 Nge7 16. Qh5 Qc7 17. Qxf7+ Kd8 18. Rxa8+ Bxa8 19. Ra1 Qc8 1-0

[Event "EU-chT 24th"]
[Site "Budva"]
[Date "2023.11.13"]
[Round "3.12"]
[White "Theodorou, Nikolas"]
[Black "Laurusas, Tomas"]
[Result "1/2-1/2"]
[WhiteElo "2619"]
[BlackElo "2566"]
[PlyCount "87"]
[EventDate "2023.11.11"]
[EventType "team-swiss"]
[EventRounds "9"]
[EventCountry "MNE"]
[SourceTitle "CB47_2023"]
[SourceDate "2023.11.22"]
[SourceVersion "1"]
[SourceVersionDate "2023.11.22"]
[SourceQuality "1"]
[WhiteTeam "Greece"]
[BlackTeam "Lithuania"]
[WhiteTeamCountry "GRE"]
[BlackTeamCountry "LTU"]

1. e4 e5 2. Nf3 Nf6 3. d4 Nxe4 4. Bd3 d5 5. Nxe5 Nd7 6. 0-0 Nxe5 7. dxe5 Nc5 8. Be3 Be7 9. f4 Nxd3 10. Qxd3 g6 11. Nc3 c6 12. Ne2 Bf5 13. Qd2 Qd7 14. Ng3 h5 15. Qc3 Rg8 16. Bc5 Bxc5+ 17. Qxc5 b6 18. Qf2 0-0-0 19. a4 Kb7 20. a5 c5 21. Ra3 d4 22. axb6 axb6 23. Rfa1 Qd5 24. Ra7+ Kc6 25. h4 Rd7 26. Kh2 Rgd8 27. R7a4 Bg4 28. Qe1 Bf5 29. Qf2 Bg4 30. Qe1 Bf5 31. Qd1 Be6 32. b3 Rb7 33. Ra8 Kc7 34. Qe1 Rxa8 35. Rxa8 Rb8 36. Ra7+ Rb7 37. Ra1 Bd7 38. Qf2 Bc6 39. Re1 Ra7 40. f5 Ra8 41. Re2 Re8 42. Qf4 Kb7 43. Ne4 Qxe5 44. Qxe5 1/2-1/2

[Event "EU-chT 24th"]
[Site "Budva"]
[Date "2023.11.11"]
[Round "1.17"]
[White "Nielsen, Hogni Egilstoft"]
[Black "Theodorou, Nikolas"]
[Result "0-1"]
[WhiteElo "2387"]
[BlackElo "2619"]
[PlyCount "102"]
[EventDate "2023.11.11"]
[EventType "team-swiss"]
[EventRounds "9"]
[EventCountry "MNE"]
[SourceTitle "CB47_2023"]
[SourceDate "2023.11.22"]
[SourceVersion "1"]
[SourceVersionDate "2023.11.22"]
[SourceQuality "1"]
[WhiteTeam "Faroe Islands"]
[BlackTeam "Greece"]
[WhiteTeamCountry "FAI"]
[BlackTeamCountry "GRE"]

1. e4 e5 2. Nf3 Nc6 3. Bc4 Nf6 4. d3 h6 5. c3 d6 6. a4 g6 7. Nbd2 Bg7 8. Nf1 0-0 9. Ng3 d5 10. exd5 Nxd5 11. 0-0 Kh7 12. a5 Rb8 13. Re1 f5 14. h3 Be6 15. Bb5 Nde7 16. Qa4 Bd5 17. Nh2 a6 18. Bc4 Bxc4 19. Qxc4 Qd7 20. Nf3 Rbd8 21. Bg5 Qxd3 22. Qxd3 Rxd3 23. Bxe7 Nxe7 24. Nxe5 Rd5 25. Nd3 Nc6 26. Nf4 Rd6 27. Ne6 Rf7 28. Nxg7 Kxg7 29. b4 Rd3 30. Rac1 Re7 31. Kf1 Red7 32. Ne2 g5 33. Ng3 Kf6 34. Re8 Rd8 35. Rxd8 Rxd8 36. Ke2 Ne5 37. Rd1 Rxd1 38. Kxd1 Nd3 39. Ke2 Nf4+ 40. Kf3 Ke5 41. c4 Nd3 42. b5 Nb2 43. c5 axb5 44. c6 bxc6 45. a6 Nc4 46. Nf1 Nb6 47. Ne3 h5 48. Ke2 c5 49. a7 f4 50. Nd1 Kd4 51. Kd2 b4 0-1

[Event "FIDE Grand Swiss"]
[Site "Douglas"]
[Date "2023.11.02"]
[Round "8"]
[White "Gukesh, Dommaraju"]
[Black "Theodorou, Nikolas"]
[Result "1/2-1/2"]
[WhiteElo "2758"]
[BlackElo "2619"]
[PlyCount "79"]
[EventDate "2023.10.25"]
[EventType "swiss"]
[EventRounds "11"]
[EventCountry "IOM"]
[SourceTitle "Mega2024 Update 01"]
[Source "Chessbase"]
[SourceDate "2023.11.12"]
[SourceVersion "1"]
[SourceVersionDate "2023.11.12"]
[SourceQuality "1"]

1. d4 Nf6 2. c4 g6 3. Nc3 Bg7 4. e4 d6 5. Nf3 0-0 6. Be2 e5 7. 0-0 h6 8. Re1 Nbd7 9. Bf1 Re8 10. dxe5 dxe5 11. Qc2 c6 12. Be3 Qe7 13. h3 Nh5 14. Rad1 Nf4 15. a3 Qf6 16. g3 Ne6 17. Bg2 Ndf8 18. Qc1 g5 19. b4 Ng6 20. b5 Bf8 21. bxc6 bxc6 22. Qc2 Rd8 23. Qa4 Bd7 24. Rxd7 Rxd7 25. Qxc6 Qd8 26. Nd5 Kg7 27. Qa4 Bc5 28. Nh2 Bxe3 29. fxe3 Rb8 30. Ng4 Rdb7 31. Rf1 Rb1 32. Qxa7 R8b7 33. Qa6 Rxf1+ 34. Bxf1 Rb1 35. Ngf6 Qb8 36. Nh5+ Kf8 37. Nhf6 Kg7 38. Nh5+ Kf8 39. Nhf6 Kg7 40. Nh5+ 1/2-1/2

[Event "FIDE Grand Swiss"]
[Site "Douglas"]
[Date "2023.11.01"]
[Round "7"]
[White "Theodorou, Nikolas"]
[Black "Navara, David"]
[Result "1/2-1/2"]
[WhiteElo "2619"]
[BlackElo "2689"]
[PlyCount "66"]
[EventDate "2023.10.25"]
[EventType "swiss"]
[EventRounds "11"]
[EventCountry "IOM"]
[SourceTitle "Mega2024 Update 01"]
[Source "Chessbase"]
[SourceDate "2023.11.12"]
[SourceVersion "1"]
[SourceVersionDate "2023.11.12"]
[SourceQuality "1"]

1. Nf3 d5 2. g3 Nf6 3. Bg2 e6 4. 0-0 Be7 5. d3 0-0 6. Bf4 c5 7. a4 Nc6 8. e4 Nh5 9. Bd2 Nf6 10. e5 Ng4 11. Qe2 f6 12. exf6 Bxf6 13. c3 Kh8 14. Na3 e5 15. h3 Nh6 16. Bxh6 gxh6 17. Rad1 Be6 18. c4 Qd7 19. cxd5 Bxd5 20. Nc4 Rae8 21. Qe3 Bg7 22. Nfd2 Be6 23. Qxc5 Bxh3 24. Qd6 Qg4 25. Qd5 Nd4 26. Bxh3 Qxh3 27. Rde1 e4 28. dxe4 Rxf2 29. Rxf2 Qxg3+ 30. Kf1 Qh3+ 31. Kg1 Qg3+ 32. Kf1 Qh3+ 33. Kg1 Qg3+ 1/2-1/2

[Event "Sunnyvale Silicon Valley Fall op"]
[Site "Sunnyvale"]
[Date "2023.09.04"]
[Round "8"]
[White "Theodorou, Nikolas"]
[Black "Antipov, Mikhail Al"]
[Result "1-0"]
[WhiteElo "2604"]
[BlackElo "2600"]
[PlyCount "53"]
[EventDate "2023.08.31"]
[EventType "swiss"]
[EventRounds "9"]
[EventCountry "USA"]
[SourceTitle "EXT 2024"]
[Source "ChessBase"]
[SourceDate "2023.10.10"]
[SourceVersion "1"]
[SourceVersionDate "2023.10.10"]
[SourceQuality "1"]

1. Nf3 d5 2. g3 g6 3. Bg2 Bg7 4. d4 Nf6 5. 0-0 0-0 6. c4 c6 7. a4 Be6 8. Nc3 h6 9. h3 dxc4 10. e4 Na6 11. Qe2 Nb4 12. Be3 Nd3 13. Ne1 Nd7 14. g4 f5 15. exf5 gxf5 16. Bxh6 Bxh6 17. Qxe6+ Kh7 18. Nxd3 cxd3 19. Ne4 Nb6 20. gxf5 Rg8 21. f6 Qxd4 22. Kh1 Nd5 23. Rg1 Nxf6 24. Qxe7+ Bg7 25. Nxf6+ Qxf6 26. Be4+ Kh8 27. Rxg7 1-0

[Event "Sunnyvale Silicon Valley Fall op"]
[Site "Sunnyvale"]
[Date "2023.09.04"]
[Round "9"]
[White "Theodorou, Nikolas"]
[Black "Quesada Perez, Yasser"]
[Result "1/2-1/2"]
[WhiteElo "2604"]
[BlackElo "2588"]
[PlyCount "49"]
[EventDate "2023.08.31"]
[EventType "swiss"]
[EventRounds "9"]
[EventCountry "USA"]
[SourceTitle "EXT 2024"]
[Source "ChessBase"]
[SourceDate "2023.10.10"]
[SourceVersion "1"]
[SourceVersionDate "2023.10.10"]
[SourceQuality "1"]

1. c4 Nf6 2. g3 c6 3. Bg2 d5 4. Nf3 g6 5. b3 Bg7 6. Bb2 0-0 7. 0-0 a5 8. Nc3 Ne4 9. Na4 Bxb2 10. Nxb2 Bg4 11. d4 Nd7 12. Rc1 Bxf3 13. Bxf3 Ndf6 14. Nd3 e6 15. e3 Qe7 16. Qe2 Rfc8 17. c5 Rd8 18. h4 Nd7 19. Bg2 e5 20. Qb2 f5 21. Nxe5 Nxe5 22. dxe5 Re8 23. Qd4 Red8 24. Qb2 Re8 25. Qd4 1/2-1/2

[Event "Julius Baer Rapid Div 3 W"]
[Site "Chess.com INT"]
[Date "2023.08.30"]
[Round "1.1"]
[White "Theodorou, Nikolas"]
[Black "Kamsky, Gata"]
[Result "0-1"]
[WhiteElo "2604"]
[BlackElo "2641"]
[PlyCount "120"]
[EventDate "2023.08.30"]
[EventType "k.o. (rapid)"]
[EventRounds "7"]
[EventCountry "GER"]
[SourceTitle "EXT 2024"]
[Source "ChessBase"]
[SourceDate "2023.10.10"]
[SourceVersion "1"]
[SourceVersionDate "2023.10.10"]
[SourceQuality "1"]

1. Nf3 Nf6 2. g3 g6 3. Bg2 Bg7 4. 0-0 0-0 5. c4 c6 6. b3 d5 7. Bb2 Bg4 8. d4 Bxf3 9. Bxf3 e6 10. Nc3 Nbd7 11. e3 a5 12. Bg2 Qb8 13. a4 Rd8 14. Qe2 Ne8 15. Rad1 Nd6 16. h4 Nf6 17. g4 Qc7 18. c5 Nc8 19. g5 Ne8 20. h5 b6 21. h6 Bh8 22. Ba3 bxc5 23. Bxc5 Ned6 24. e4 dxe4 25. Nxe4 Nxe4 26. Qxe4 Ne7 27. Rfe1 Nd5 28. Rd3 Rab8 29. Rf3 Re8 30. Bf1 e5 31. Bc4 Qd7 32. Qh4 Re6 33. dxe5 Bxe5 34. Bd4 Bg3 35. Qxg3 Rxe1+ 36. Kg2 Rbe8 37. Be3 Qe6 38. Qh4 Rd1 39. Rf6 Qd7 40. Rf3 Qe6 41. Rf6 Qe5 42. Rf3 Qa1 43. Rg3 Nxe3+ 44. Rxe3 Rxe3 45. fxe3 Rd2+ 46. Kf3 Qd1+ 47. Kf4 Qc2 48. Qh3 Rf2+ 49. Ke5 Rf5+ 50. Kd6 Qe4 51. Kc7 Qe7+ 52. Kb6 Qxg5 53. e4 Qd8+ 54. Kb7 Re5 55. Qf3 Re7+ 56. Ka6 Qa8+ 57. Kb6 Qa7+ 58. Kxc6 Rc7+ 59. Kb5 Qc5+ 60. Ka6 Ra7# 0-1

[Event "Saint Louis Summer-A"]
[Site "Saint Louis"]
[Date "2023.08.09"]
[Round "8"]
[White "Swiercz, Dariusz"]
[Black "Theodorou, Nikolas"]
[Result "1/2-1/2"]
[WhiteElo "2640"]
[BlackElo "2586"]
[PlyCount "135"]
[EventDate "2023.08.02"]
[EventType "tourn"]
[EventRounds "9"]
[EventCountry "USA"]
[EventCategory "15"]
[SourceTitle "CBM 215 Extra"]
[Source "ChessBase"]
[SourceDate "2023.09.30"]
[SourceVersion "1"]
[SourceVersionDate "2023.09.30"]
[SourceQuality "1"]

1. Nf3 d5 2. g3 g6 3. Bg2 Bg7 4. d4 Nf6 5. c4 c6 6. Qb3 0-0 7. 0-0 a5 8. cxd5 a4 9. Qd1 cxd5 10. Nc3 Qa5 11. Bd2 Nc6 12. e3 a3 13. Qb3 axb2 14. Qxb2 Qa3 15. Qxa3 Rxa3 16. Rfb1 Rd8 17. Ne5 Nxe5 18. dxe5 Ne4 19. Nxe4 dxe4 20. Bb4 Ra4 21. Bxe7 Re8 22. Bf6 Rxe5 23. Bxe5 Bxe5 24. Rc1 Bxa1 25. Rxc8+ Kg7 26. Rc7 b6 27. Rb7 Rb4 28. a3 Rb1+ 29. Bf1 Kf8 30. Kg2 Bf6 31. a4 Rb4 32. Bb5 Bd8 33. h4 h6 34. Rb8 Ke7 35. Ra8 Rb2 36. Ra7+ Kf8 37. Ra8 Rd2 38. Rc8 Rd6 39. Kf1 f5 40. Ke2 Kf7 41. Rb8 Kf6 42. Rb7 Be7 43. Be8 Re6 44. h5 gxh5 45. Bd7 Rd6 46. Bxf5 Kxf5 47. Rxe7 Rc6 48. Rd7 Kg4 49. Rf7 Rc2+ 50. Kf1 Kh3 51. Rf5 Rc1+ 52. Ke2 Kg2 53. Rxh5 Rc2+ 54. Ke1 Rxf2 55. Rxh6 Ra2 56. Rxb6 Kf3 57. g4 Rxa4 58. g5 Ra1+ 59. Kd2 Ra2+ 60. Ke1 Rg2 61. g6 Kxe3 62. Rb3+ Kf4 63. Ra3 Rxg6 64. Ke2 Rg2+ 65. Ke1 Rg3 66. Rxg3 Kxg3 67. Ke2 e3 68. Kxe3 1/2-1/2